Terrorism in action : civilizations at war (Record no. 7125)

000 -LEADER
fixed length control field 00465 a2200169 4500
020 ## - INTERNATIONAL STANDARD BOOK NUMBER
International Standard Book Number 9698373020
040 ## - CATALOGING SOURCE
Original cataloging agency DLC
Language of cataloging DLC
082 ## - DEWEY DECIMAL CLASSIFICATION NUMBER
Classification number 297.1977092
100 1# - MAIN ENTRY--PERSONAL NAME
Personal name Iqbal S. Hussain.
245 10 - TITLE STATEMENT
Title Terrorism in action : civilizations at war
Statement of responsibility, etc. Iqbal S. Hussain.
246 1# - VARYING FORM OF TITLE
Title proper/short title Islam, a target of western imperialism
250 ## - EDITION STATEMENT
Edition statement 1st ed.
260 ## - PUBLICATION, DISTRIBUTION, ETC.
Place of publication, distribution, etc. [S.l. :
Name of publisher, distributor, etc. s.n.],
Date of publication, distribution, etc. 2003.
300 ## - PHYSICAL DESCRIPTION
Extent 382 p. ;
Dimensions 22 cm.
650 ## - SUBJECT ADDED ENTRY--TOPICAL TERM
Topical term or geographic name entry element Terrorism.
942 ## - ADDED ENTRY ELEMENTS (KOHA)
Koha item type Book
Call number prefix 297.1977092 IQB
Source of classification or shelving scheme
Holdings
Withdrawn status Lost status Damaged status Not for loan Collection code Permanent Location Current Location Shelving location Date acquired Source of acquisition Total Checkouts Full call number Barcode Date last seen Price effective from Koha item type
          Central Library (CL) Central Library (CL) General Stacks 07/09/2005 Donation   297.1977092 IQB SEECS006011 11/14/2012 01/05/2017 Book
© 2023 Central Library, National University of Sciences and Technology. All Rights Reserved.